|
|
|
|
| LEADER |
01973cas a2200241 a 4500 |
| 001 |
AALejournalIMF021601 |
| 008 |
230101c9999 xx r poo 0 0eng d |
| 020 |
|
|
|c 5.00 USD
|
| 020 |
|
|
|z 9781513572963
|
| 022 |
|
|
|a 1934-7685
|
| 040 |
|
|
|a BD-DhAAL
|c BD-DhAAL
|
| 110 |
2 |
|
|a International Monetary Fund.
|b Fiscal Affairs Dept.
|
| 245 |
1 |
0 |
|a Sierra Leone :
|b Technical Assistance Report-Public Investment Management Assessment.
|
| 264 |
|
1 |
|a Washington, D.C. :
|b International Monetary Fund,
|c 2021.
|
| 300 |
|
|
|a 1 online resource (61 pages)
|
| 490 |
1 |
|
|a IMF Staff Country Reports
|
| 500 |
|
|
|a <strong>Off-Campus Access:</strong> No User ID or Password Required
|
| 500 |
|
|
|a <strong>On-Campus Access:</strong> No User ID or Password Required
|
| 506 |
|
|
|a Electronic access restricted to authorized BRAC University faculty, staff and students
|
| 520 |
3 |
|
|a Sierra Leone has made significant strides to rebuild its public infrastructure after the devastating civil war, but the desperate infrastructure needs remain. At the end of the conflict in 2002, the country was left with virtually no infrastructure. Redevelopment of public infrastructure was ignited by the mining boom, which started in the late 2000s. Over the period 2008a-18, public investment averaged 6.5 percent of gross domestic product (GDP), which has translated into an estimated capital stock of about 65 percent in constant 2011 GDP. However, a level of public investment is still lower than neighboring countries by about one percentage point. The level of capital stock per capita is one of the lowest in the region, only slightly above that of Liberia. Some districts still have no paved roads, no electricity, and no water systems, almost 20 years after the war.
|
| 538 |
|
|
|a Mode of access: Internet
|
| 830 |
|
0 |
|a IMF Staff Country Reports; Country Report ;
|v No. 2021/090
|
| 856 |
4 |
0 |
|z Full text available on IMF
|u http://elibrary.imf.org/view/journals/002/2021/090/002.2021.issue-090-en.xml
|z IMF e-Library
|